| 000 | 00599 a2200205 4500 | ||
|---|---|---|---|
| 999 |
_c7459 _d7459 |
||
| 003 | GBCCL | ||
| 005 | 20241126110628.0 | ||
| 008 | 180813b ||||| |||| 00| 0 eng d | ||
| 020 | _a9788184655551 | ||
| 020 | _a818465555X | ||
| 040 | _cgbc | ||
| 082 |
_a262 _bRED |
||
| 100 |
_aRedfern, Alastair _913194 |
||
| 245 |
_aThe church : _ba workshop of salvation/ _cAlastair Redfern. |
||
| 260 |
_aDelhi : _bIndian Society for Promoting Christian Knowledge, _c2016. |
||
| 300 | _axii, 91 pages ; 22 cm | ||
| 650 |
_aChurch. _9263 |
||
| 650 |
_aSalvation -- Christianity. _913195 |
||
| 942 |
_2ddc _cBK |
||